Jaime Hayon (Record no. 26050)
[ view plain ]
| 000 -BAŞLIK | |
|---|---|
| Sabit Uzunluktaki Kontrol Alanı | 00498nam a2200193 4500 |
| 003 - KONTROL NUMARASI KİMLİĞİ | |
| Kontrol Alanı | KOHA_MİRAKIL |
| 005 - EN SON İŞLEM TARİHİ ve ZAMANI | |
| Kontrol Alanı | 20260311094052.0 |
| 008 - SABİT UZUNLUKTAKİ VERİ ÖGELERİ - GENEL BİLGİ | |
| Sabit Alan | 260311b tu ||||| |||| 00| 0 tur d |
| 020 ## - ISBN - ULUSLARARASI STANDART KİTAP NUMARASI | |
| Isbn | 9783967040548 |
| 040 ## - KATALOGLAMA KAYNAĞI | |
| Özgün Kataloglama Kurumu | DLC |
| Kataloglama Dili | eng |
| 041 ## - DİL KODU | |
| Metin ya da ses kaydının dil kodu | eng |
| 050 0# - SINIFLAMA ve YER NUMARASI | |
| Sınıflama Numarası | NK 1462 .Z9 |
| Yer Numarası | H392 2022 |
| 100 ## - KİŞİ ADI | |
| Yazar Adı (Kişi adı) | Klanten, Robert. |
| 245 10 - ESER ADI BİLDİRİMİ | |
| Başlık | Jaime Hayon |
| 260 ## - YAYIN, DAĞITIM, VB. | |
| Yayın Yeri | Berlin : |
| Yayınevi | Gestalten, |
| Yayın Tarihi | 2022. |
| 300 ## - FİZİKSEL TANIMLAMA | |
| Sayfa, cilt vb.sayısı | 299 p. |
| Diğer fiziki detaylar | ill. |
| Boyutları | 30 cm |
| 650 #0 - KONU BAŞLIĞI EK GİRİŞ - KONU TERİMİ | |
| Konusal terim veya coğrafi ad | Art in interior decoration. |
| 9 (RLIN) | 9655 |
| 942 ## - EK GİRİŞ ÖGELERİ (KOHA) | |
| Sınıflama Kaynağı veya Raf Düzeni | Library of Congress Classification |
| Koha item type | Books |
| Geri Çekilme Durumu | Kayıp Durumu | Sınıflandırma Kaynağı | Hasarlı Durumu | Kredi için değil | Kalıcı Konum | Mevcut Konum | Alındığı Tarih | Toplam Ödünçverme | Yer Numarası | Demirnaş Numarası | Son Görülme Tarihi | Fatura Tarihi | Materyal Türü |
|---|---|---|---|---|---|---|---|---|---|---|---|---|---|
| Library of Congress Classification | Vitali Hakko Kreatif Endüstriler Kütüphanesi | Vitali Hakko Kreatif Endüstriler Kütüphanesi | 03/11/2026 | NK 1462 .Z9 H392 2022 | 014435 | 03/11/2026 | 03/11/2026 | Books |
